| 000 | 00683nam a22001817a 4500 | ||
|---|---|---|---|
| 999 |
_c1454 _d1454 |
||
| 020 | _a0140801383 | ||
| 022 | _a9780140801385 | ||
| 050 | _aHB145 | ||
| 100 | _aRichardson, Harry Ward. | ||
| 245 |
_a Elements of regional economics./ _cRichardson, Harry Ward. |
||
| 260 |
_aBaltimore, Md., _b Penguin Books _c1969 |
||
| 300 |
_a166 pages _c18 cm. |
||
| 500 | _aBiographical Include index. | ||
| 505 | _aRegional income-- Regional growth -- Location and agglomeration The nodal Hirerachy Problems, in regional planning The direction of regional policy Some Regional planning techniques | ||
| 650 |
_aEconomics _xRegional income |
||
| 650 | _aregional policy | ||
| 942 | _cBK | ||